| 000 | 00523nam a2200205Ia 4500 | ||
|---|---|---|---|
| 008 | 170918s9999 xx 000 0 und d | ||
| 020 | _a9780439350839 | ||
| 050 | _bL443 2002 | ||
| 100 | _aLeber, Nancy | ||
| 245 | 4 | _aThe elves and the shoemaker / | |
| 245 | _cNancy Leber ; illustrated by John Hovell. | ||
| 260 | _aNew York : | ||
| 260 | _bScholastic, | ||
| 260 | _c2002 | ||
| 300 | _a16 pages : | ||
| 300 | _bcolored illustration ; | ||
| 300 | _c18cm. | ||
| 440 | _aReady-to-read level 3. | ||
| 500 | _a200 | ||
| 999 |
_c341152 _d341152 |
||